00583cam a2200169 a 4500020002300000020002100023040000700044082002600051100002100077245005600098260006400154300002800218650002900246650001900275856006400294856005500358 a0521623383 (cased) a0521626161 (pbk) cUk a339 CAM 1998 A065 Or.1 aSolow, Robert M.10aMonopolistic competition and macroeconomic theory / aCambridge ;aNew York :bCambridge University Press,c1998. a78 p. :bill. ;c22 cm. 0aMonopolistic competition 0aMacroeconomics42uhttp://www.loc.gov/catdir/description/cam0210/99191733.html41uhttp://www.loc.gov/catdir/toc/cam022/99191733.html